000 00834 a2200217 4500
003 IN-BaIIA
005 20250825144827.0
008 250825b |||||||| |||| 00| 0 eng d
040 _cIIA Library
100 _aDey, Sahel
_949243
245 _aInsights into the genesis and dynamics of the solar spicule forest
_baided by simulations and laboratory experiments
_cSahel Dey
_h[Thesis]
260 _aBangalore
_bIndian Institute of Astrophysics
_c2023
300 _axxvii, 133p.
502 _bDoctor of Philosophy
_cIndian Institute of Science, Bangalore
_d2023
650 _aSolar spicules
_949253
650 _aSolar atmosphere
_94799
650 _aPlasma dynamics
_93789
700 _aPiyali Chatterjee
_eSupervisor
_949254
856 _uhttp://prints.iiap.res.in/handle/2248/8746
_yClick Here to Access eThesis
942 _2udc
_cTD
999 _c36096
_d36096